| 000 | 00678nam a2200253Ia 4500 | ||
|---|---|---|---|
| 005 | 20250425162338.0 | ||
| 008 | 250425s9999 xx 000 0 und d | ||
| 041 | _aeng | ||
| 082 | _a665.5 | ||
| 100 | _aBLACKWELL R. J., KOEPF E. H., COLE F. W., WYMAN R. E., ETEAL | ||
| 245 | 0 | _aDETERMINATION OF RESIDUAL OIL SATURATION | |
| 250 | _a1ST ED. | ||
| 260 |
_aEstados Unidos _bTHE INTERSTATE OIL COMPACT COMMISSION _c1978 |
||
| 260 | _aS.L. | ||
| 300 | _a302 | ||
| 650 | _aACEITE | ||
| 650 | _aANALISIS | ||
| 650 | _aMETODOS | ||
| 650 | _aRECOMENDACIONES | ||
| 650 | _aSATURACION | ||
| 710 | _aINTERSTATE OIL COMPACT COMMISSION | ||
| 942 | _c01 | ||
| 010 | _a64269 | ||
| 999 |
_c227327 _d227327 |
||